[Event "TUR-chT"]
[Site "Kocaeli"]
[Date "2015.08.14"]
[Round "12.7"]
[White "Ari, Zeki"]
[Black "Haznedaroglu, Kivanc"]
[Result "0-1"]
[WhiteElo "2192"]
[BlackElo "2451"]
[PlyCount "141"]
[EventDate "2015.08.04"]
[EventType "team-tourn"]
[EventRounds "13"]
[EventCountry "TUR"]
[SourceTitle "CBM 167 Extra"]
[Source "ChessBase"]
[SourceDate "2015.09.14"]
[SourceVersion "1"]
[SourceVersionDate "2015.09.14"]
[SourceQuality "1"]
[WhiteTeam "Kocaeli Buyuksehir"]
[BlackTeam "Alyans Satranc"]
[WhiteTeamCountry "TUR"]
[BlackTeamCountry "TUR"]

1. e4 e5 2. Nf3 Nc6 3. Bb5 a6 4. Ba4 Nf6 5. 0-0 Be7 6. Re1 b5 7. Bb3 d6 8. c3 0-0 9. d4 Bg4 10. Be3 exd4 11. cxd4 d5 12. e5 Ne4 13. Nc3 Nxc3 14. bxc3 Qd7 15. Bc2 Bf5 16. Bg5 Bxg5 17. Nxg5 h6 18. Nf3 Na5 19. Nh4 Bxc2 20. Qxc2 Nc4 21. f4 Qg4 22. Qf2 f5 23. Rad1 a5 24. Rd3 Ra6 25. Rg3 Qh5 26. e6 Nd6 27. e7 Re8 28. Rg6 Ne4 29. Rxe4 Rxg6 30. Re5 Rf6 31. h3 Qf7 32. Qe3 g6 33. Kh2 b4 34. cxb4 axb4 35. Nf3 Rd6 36. Qb3 Rxe7 37. Qxb4 Rxe5 38. Nxe5 Qf6 39. Qb5 Qd8 40. a4 Rb6 41. Qd3 Qh4 42. Qe3 Re6 43. Qc1 Qe7 44. Qc3 g5 45. Qb3 Rd6 46. a5 gxf4 47. Qb7 f3 48. gxf3 Qd8 49. Qb5 Kg7 50. a6 Rb6 51. Qe2 Qh4 52. a7 Qf4+ 53. Kg2 Qxd4 54. a8Q Rb2 55. Qaa6 Qxe5 56. Qxb2 Qxb2+ 57. Kg3 Qb6 58. Qc8 Qg1+ 59. Kf4 Qd4+ 60. Kg3 f4+ 61. Kg4 Qg1+ 62. Kf5 Qg6+ 63. Ke5 Qd6+ 64. Kd4 Kf7 65. Qf5+ Qf6+ 66. Qxf6+ Kxf6 67. Kxd5 Kg5 68. Ke5 c5 69. h4+ Kxh4 70. Kxf4 c4 71. Ke5 0-1

[Event "TUR-chT"]
[Site "Kocaeli"]
[Date "2015.08.06"]
[Round "3.6"]
[White "Annaberdiyev, Babageldi"]
[Black "Ari, Zeki"]
[Result "1-0"]
[WhiteElo "2234"]
[BlackElo "2192"]
[PlyCount "55"]
[EventDate "2015.08.04"]
[EventType "team-tourn"]
[EventRounds "13"]
[EventCountry "TUR"]
[SourceTitle "CBM 167 Extra"]
[Source "ChessBase"]
[SourceDate "2015.09.14"]
[SourceVersion "1"]
[SourceVersionDate "2015.09.14"]
[SourceQuality "1"]
[WhiteTeam "Akdeniz Belediyesi"]
[BlackTeam "Kocaeli Buyuksehir"]
[WhiteTeamCountry "TUR"]
[BlackTeamCountry "TUR"]

1. Nf3 d5 2. g3 c6 3. Bg2 Nf6 4. 0-0 Bg4 5. h3 Bxf3 6. Bxf3 Nbd7 7. d3 Qc7 8. e4 dxe4 9. dxe4 0-0-0 10. Qe2 h5 11. h4 e5 12. Bg5 Be7 13. Nd2 Nc5 14. Nb3 Ne6 15. Bxf6 Bxf6 16. Bxh5 Bxh4 17. Bg4 Qe7 18. Kg2 Bg5 19. Qc4 Kb8 20. Bxe6 fxe6 21. Rh1 Rhf8 22. Rad1 Rde8 23. Nc5 Ka8 24. Rd7 Qf6 25. f4 exf4 26. Rxb7 f3+ 27. Kf1 Qd8 28. Rxa7+ 1-0

[Event "TUR-chT2"]
[Site "Konya"]
[Date "2014.06.26"]
[Round "6.2"]
[White "Polatel, Ali"]
[Black "Ari, Zeki"]
[Result "1-0"]
[WhiteElo "2177"]
[BlackElo "2205"]
[PlyCount "153"]
[EventDate "2014.06.23"]
[EventType "team-swiss"]
[EventRounds "9"]
[EventCountry "TUR"]
[SourceTitle "CBM 161 Extra"]
[Source "ChessBase"]
[SourceDate "2014.08.29"]
[SourceVersion "1"]
[SourceVersionDate "2014.08.29"]
[SourceQuality "1"]
[WhiteTeam "Deniz Pamukkale"]
[BlackTeam "Kocaeli"]
[WhiteTeamCountry "TUR"]
[BlackTeamCountry "TUR"]

1. Nf3 d5 2. d4 Nf6 3. c4 e6 4. Nc3 Nbd7 5. Bg5 h6 6. Bh4 c6 7. e3 Qa5 8. Nd2 Bb4 9. Qc2 0-0 10. Bd3 Re8 11. 0-0 Bxc3 12. bxc3 e5 13. e4 dxe4 14. Bxe4 exd4 15. cxd4 Nxe4 16. Nxe4 Qh5 17. Bg3 Nf6 18. Nd6 Re2 19. Qd3 b5 20. f3 Re7 21. Rae1 Rxe1 22. Rxe1 bxc4 23. Qxc4 Qd5 24. Qa4 Be6 25. Ne4 Nd7 26. Rc1 Nb6 27. Qd1 Rd8 28. Bf2 Rc8 29. Nc3 Qa5 30. h3 Nd5 31. Ne4 Nb6 32. Nc5 Qxa2 33. Ra1 Qd5 34. Rxa7 Ra8 35. Rxa8+ Nxa8 36. Qb1 Qd8 37. Nxe6 fxe6 38. Qb7 Nc7 39. Qxc6 Kf7 40. Qb7 Kg8 41. Qb6 Qd7 42. Bg3 Nd5 43. Qb8+ Kf7 44. Be5 Kg6 45. Qb1+ Kf7 46. Kh2 Kg8 47. h4 Qf7 48. Qb3 Qh5 49. g3 Qf7 50. g4 h5 51. Qb8+ Kh7 52. Qb1+ Kg8 53. Kg3 hxg4 54. fxg4 Ne3 55. Qe4 Nd5 56. Qd3 Kh8 57. h5 Kg8 58. Qe2 Kh7 59. Kh4 Kg8 60. g5 Qf5 61. Qg2 Kf7 62. Qg4 Qf2+ 63. Bg3 Qf1 64. Qe4 Ke7 65. h6 gxh6 66. Qh7+ Ke8 67. Qg8+ Kd7 68. Qg7+ Kc6 69. gxh6 Qh1+ 70. Kg5 Qg2 71. Qe5 Qd2+ 72. Kh5 Qd1+ 73. Kg6 Qg4+ 74. Kf7 Qf3+ 75. Kxe6 Qg4+ 76. Kf7 Qd7+ 77. Kf8 1-0

[Event "TUR-chT"]
[Site "Konya"]
[Date "2012.07.18"]
[Round "8"]
[White "Ari, Zeki"]
[Black "Kucumenler, Tarkan"]
[Result "1/2-1/2"]
[WhiteElo "2199"]
[BlackElo "2073"]
[PlyCount "59"]
[EventDate "2012.07.11"]
[EventType "team-tourn"]
[EventRounds "13"]
[EventCountry "TUR"]
[SourceTitle "CBM 149 Extra"]
[Source "ChessBase"]
[SourceDate "2012.08.24"]
[SourceVersion "1"]
[SourceVersionDate "2012.08.24"]
[SourceQuality "1"]
[WhiteTeam "Antalya Calli"]
[BlackTeam "Mersin Ezgi"]
[WhiteTeamCountry "TUR"]
[BlackTeamCountry "TUR"]

1. d4 Nf6 2. Nf3 g6 3. Bg5 Bg7 4. Nbd2 d5 5. e3 0-0 6. Bd3 Nbd7 7. 0-0 Re8 8. c4 c6 9. cxd5 cxd5 10. Qb3 Qa5 11. Rfc1 Nh5 12. Qb5 Qxb5 13. Bxb5 h6 14. Bh4 g5 15. Bg3 Nxg3 16. hxg3 Rd8 17. Rc7 a6 18. Bxd7 Rxd7 19. Rac1 Rxc7 20. Rxc7 Kf8 21. Nb3 Ke8 22. Ne5 Kd8 23. Rc1 f6 24. Nf3 b6 25. Kf1 Bd7 26. Ke1 Rc8 27. Rxc8+ Kxc8 28. Nc1 Kc7 29. Kd2 e6 30. Nd3 1/2-1/2

[Event "TUR-chT2"]
[Site "Konya"]
[Date "2011.07.06"]
[Round "4"]
[White "Ari, Zeki"]
[Black "Ahmetoglu, Ziya"]
[Result "1-0"]
[WhiteElo "2196"]
[BlackElo "2045"]
[PlyCount "87"]
[EventDate "2011.07.04"]
[EventType "team-swiss"]
[EventRounds "9"]
[EventCountry "TUR"]
[SourceTitle "CBM 143 Extra"]
[Source "ChessBase"]
[SourceDate "2011.08.29"]
[SourceVersion "1"]
[SourceVersionDate "2011.08.29"]
[SourceQuality "1"]
[WhiteTeam "Antalya Calli"]
[BlackTeam "Ankara Demirspor"]
[WhiteTeamCountry "TUR"]
[BlackTeamCountry "TUR"]

1. c4 Nf6 2. Nc3 e6 3. d4 Be7 4. e4 0-0 5. e5 Ne8 6. f4 d6 7. Be3 b6 8. Qf3 c6 9. 0-0-0 Qc7 10. Bd3 f5 11. exf6 Nxf6 12. Nh3 e5 13. f5 exd4 14. Bxd4 Nbd7 15. Rhe1 Ne5 16. Bxe5 dxe5 17. g4 Bb4 18. Ng5 Bxc3 19. bxc3 Rb8 20. Bc2 c5 21. Qg3 b5 22. Qxe5 Qxe5 23. Rxe5 Nxg4 24. Re7 Bxf5 25. Bxf5 Rxf5 26. Ne6 Rf7 27. Rdd7 Rxe7 28. Rxe7 Nxh2 29. Rxg7+ Kh8 30. Rxa7 h6 31. cxb5 Rxb5 32. a4 Rb6 33. Nxc5 Ng4 34. a5 Rc6 35. Ne4 Rc4 36. a6 Rc6 37. Kd2 h5 38. Ke2 h4 39. Kf3 Ne5+ 40. Kf4 Ng6+ 41. Kg4 Nf8 42. Rf7 Kg8 43. a7 Ra6 44. Rb7 1-0

[Event "TUR-chT"]
[Site "Konya"]
[Date "2010.07.07"]
[Round "12"]
[White "Duman, Aydin"]
[Black "Ari, Zeki"]
[Result "1/2-1/2"]
[WhiteElo "2221"]
[BlackElo "2184"]
[PlyCount "86"]
[EventDate "2010.06.29"]
[EventType "team-tourn"]
[EventRounds "13"]
[EventCountry "TUR"]
[SourceTitle "CBM 137 Extra"]
[Source "ChessBase"]
[SourceDate "2010.09.01"]
[SourceVersion "1"]
[SourceVersionDate "2010.09.01"]
[SourceQuality "1"]

1. e4 e5 2. Nf3 Nc6 3. Bc4 Bc5 4. c3 Nf6 5. d3 d6 6. Bb3 0-0 7. Nbd2 a6 8. h3 Be6 9. 0-0 Ba7 10. Re1 Nh5 11. Nf1 Qf6 12. Ne3 Nf4 13. Ng4 Bxg4 14. hxg4 h6 15. d4 Rfe8 16. g3 Nh3+ 17. Kg2 Ng5 18. Bxg5 hxg5 19. d5 Ne7 20. Qd2 g6 21. Qxg5 Qxg5 22. Nxg5 Kg7 23. f4 Ng8 24. Rh1 Nf6 25. Kf3 Rh8 26. fxe5 dxe5 27. Rh4 Nh7 28. Nh3 Bc5 29. g5 Be7 30. Rh1 Bxg5 31. Nxg5 Nxg5+ 32. Ke3 Rhf8 33. g4 f6 34. c4 b6 35. Ba4 a5 36. Bc6 Rad8 37. a3 Rc8 38. b4 Rb8 39. R4h2 Rfd8 40. Rf1 Rh8 41. Rfh1 Rhd8 42. Kd3 Rbc8 43. bxa5 bxa5 1/2-1/2

[Event "EU-Cup 23rd"]
[Site "Kemer"]
[Date "2007.10.08"]
[Round "6.5"]
[White "Kytoniemi, Jyrki"]
[Black "Ari, Zeki"]
[Result "1/2-1/2"]
[WhiteElo "2277"]
[BlackElo "2177"]
[PlyCount "91"]
[EventDate "2007.10.03"]
[EventType "team-swiss"]
[EventRounds "7"]
[EventCountry "TUR"]
[SourceTitle "CBM 121"]
[Source "ChessBase"]
[SourceDate "2007.11.14"]
[SourceVersion "1"]
[SourceVersionDate "2007.11.14"]
[SourceQuality "1"]
[WhiteTeam "Tampere"]
[BlackTeam "Turk Hava Yollari"]
[WhiteTeamCountry "FIN"]
[BlackTeamCountry "TUR"]

1. Nf3 d5 2. g3 c6 3. Bg2 Nf6 4. d4 Bf5 5. Nh4 Be6 6. c3 g6 7. Nd2 Bg7 8. 0-0 0-0 9. Qb3 Qc8 10. Qa3 Re8 11. f4 Bh3 12. Qb3 Bxg2 13. Kxg2 c5 14. e3 e6 15. h3 Nc6 16. Nhf3 Rb8 17. Ne5 b5 18. a3 Na5 19. Qc2 Nc4 20. Re1 a5 21. g4 Nxd2 22. Bxd2 Ne4 23. Nf3 Qc6 24. Rec1 f6 25. Be1 e5 26. b4 axb4 27. axb4 c4 28. Bg3 Nxg3 29. Kxg3 exf4+ 30. exf4 Qc7 31. Re1 Bh6 32. Qd2 g5 33. Kf2 Re4 34. Ra6 Rf8 35. Kg2 gxf4 36. Re6 Re3 37. Qc2 Qa7 38. R1xe3 fxe3 39. Qf5 Qa2+ 40. Kh1 Qf2 41. Qxd5 Kh8 42. Re7 Qg3 43. Ng1 Bf4 44. Qg2 Qf2 45. Ne2 Qe1+ 46. Qg1 1/2-1/2

[Event "Cappelle op 15th"]
[Site "Cappelle la Grande"]
[Date "1999.02.16"]
[Round "4"]
[White "Ari, Zeki"]
[Black "Relange, Eloi"]
[Result "0-1"]
[WhiteElo "2271"]
[BlackElo "2478"]
[PlyCount "134"]
[EventDate "1999.02.13"]
[EventType "swiss"]
[EventRounds "9"]
[EventCountry "FRA"]
[SourceTitle "EXT 2000"]
[Source "ChessBase"]
[SourceDate "1999.11.16"]
[SourceVersion "1"]
[SourceVersionDate "1999.11.16"]
[SourceQuality "1"]

1. e4 c5 2. Nf3 d6 3. d4 cxd4 4. Nxd4 Nf6 5. Nc3 a6 6. Bg5 e6 7. Qd2 h6 8. Bxf6 Qxf6 9. f4 g5 10. fxg5 hxg5 11. 0-0-0 Nd7 12. Kb1 Ne5 13. Be2 Bd7 14. Rhf1 Qh6 15. h3 g4 16. Qe1 gxh3 17. gxh3 Qxh3 18. Nf3 Qh5 19. Nxe5 Qxe5 20. Qf2 0-0-0 21. Qa7 Qc5 22. Qxc5+ dxc5 23. Rxf7 Bc6 24. a4 Rxd1+ 25. Bxd1 Bd6 26. Bg4 Rh6 27. Ka2 Kd8 28. Be2 Be5 29. Bd3 Ke8 30. Rf1 Bxc3 31. bxc3 Bxa4 32. Rg1 Rh5 33. c4 Kf7 34. Rf1+ Ke7 35. Kb2 Kd6 36. Rf8 Bc6 37. Kc3 Rh4 38. Rd8+ Kc7 39. Rg8 Bxe4 40. Rg7+ Kc6 41. Rg8 Kd6 42. Rd8+ Ke7 43. Rc8 Bc6 44. Rg8 Rf4 45. Rg5 Kd6 46. Rh5 e5 47. Rh6+ Ke7 48. Rh7+ Ke6 49. Rh6+ Rf6 50. Rh4 Kd6 51. Rg4 Rf4 52. Rg6+ Ke7 53. Rh6 e4 54. Be2 Rf6 55. Rh5 Kd6 56. Kd2 a5 57. Rh8 a4 58. Ke3 Rg6 59. Kf2 Ke5 60. c3 Rg5 61. Ra8 Kf4 62. Rf8+ Rf5 63. Ra8 e3+ 64. Ke1 Rf6 65. Rg8 Rh6 66. Rg4+ Kf5 67. Rg1 Rh1 0-1

[Event "Balkaniad (Men)"]
[Site "Ankara"]
[Date "1993.??.??"]
[Round "5"]
[White "Ari, Zeki"]
[Black "Moutousis, Konstantinos"]
[Result "1-0"]
[WhiteElo "2240"]
[BlackElo "2425"]
[PlyCount "97"]
[EventDate "1993.??.??"]
[EventType "team"]
[EventRounds "5"]
[EventCountry "TUR"]
[SourceTitle "TD"]
[Source "ChessBase"]
[SourceDate "1994.03.01"]
[SourceVersion "1"]
[SourceVersionDate "1994.03.01"]
[SourceQuality "1"]

1. d4 Nf6 2. c4 g6 3. Nc3 Bg7 4. e4 d6 5. Be2 0-0 6. Nf3 e5 7. 0-0 Nc6 8. d5 Ne7 9. Ne1 Ne8 10. Be3 f5 11. f3 f4 12. Bf2 h5 13. c5 g5 14. cxd6 cxd6 15. a4 Ng6 16. a5 Bh6 17. b4 Kh7 18. Nb5 a6 19. Na3 Nf6 20. Bb6 Qe8 21. Rc1 Rg8 22. Rc7+ Kh8 23. b5 g4 24. bxa6 bxa6 25. Nc4 Qf8 26. Rc6 g3 27. h3 Ne8 28. Nxd6 Bd7 29. Nf5 Bxc6 30. dxc6 Bg5 31. Bc4 Ne7 32. Nxe7 Qxe7 33. Bxg8 Kxg8 34. Qd5+ Kg7 35. Nd3 Bf6 36. Bc5 Qf7 37. Qxf7+ Kxf7 38. Bb6 Rc8 39. Rc1 Ke6 40. Nb4 Kd6 41. c7 Be7 42. Nxa6 Kd7 43. Nb8+ Ke6 44. a6 Bd6 45. a7 Nxc7 46. Bxc7 Bxc7 47. Rc6+ Ke7 48. a8Q Bb6+ 49. Kf1 1-0

[Event "TUR-ch"]
[Site "Turkey"]
[Date "1993.??.??"]
[Round "6"]
[White "Ari, Zeki"]
[Black "Olcayoz, Alper"]
[Result "1/2-1/2"]
[WhiteElo "2240"]
[BlackElo "2330"]
[PlyCount "97"]
[EventDate "1993.??.??"]
[EventType "tourn"]
[EventRounds "15"]
[EventCountry "TUR"]
[EventCategory "1"]
[SourceTitle "EXT 2004"]
[Source "ChessBase"]
[SourceDate "2003.11.25"]
[SourceVersion "1"]
[SourceVersionDate "2003.11.25"]
[SourceQuality "1"]

1. e4 e6 2. d4 d5 3. Nc3 Bb4 4. e5 Qd7 5. Qg4 f5 6. Qg3 b6 7. Nf3 Ba6 8. Bxa6 Nxa6 9. 0-0 Bxc3 10. bxc3 Nb8 11. a4 Nc6 12. c4 0-0-0 13. a5 dxc4 14. axb6 cxb6 15. Ba3 Nge7 16. Bd6 Nd5 17. Kh1 c3 18. Ra4 g5 19. Rfa1 f4 20. Qxg5 Rdg8 21. Qh5 Qg7 22. Nh4 Kb7 23. Qe2 Qd7 24. Qa6+ Ka8 25. Qb5 Rg7 26. Qd3 Rhg8 27. Rc4 Rc8 28. Rca4 Na5 29. Qe4 Qb7 30. Qf3 Nc6 31. Qe4 Qd7 32. Qf3 Qb7 33. Qe4 Rcg8 34. Qf3 a5 35. Rb1 Ka7 36. h3 Qd7 37. Ra3 Qb7 38. Rab3 Qa6 39. Rb5 Rb7 40. R5b3 Ncb4 41. Bxb4 Nxb4 42. Rxc3 Rd8 43. Qe4 Rbd7 44. Nf3 Qb7 45. Qxb7+ Kxb7 46. Rcb3 Rc8 47. c3 Nd5 48. Ng5 Rxc3 49. Rb5 1/2-1/2

[Event "Balkaniad (Men)"]
[Site "Ankara"]
[Date "1993.??.??"]
[Round "2"]
[White "Dimitrov, Vladimir"]
[Black "Ari, Zeki"]
[Result "1-0"]
[WhiteElo "2525"]
[BlackElo "2240"]
[PlyCount "73"]
[EventDate "1993.??.??"]
[EventType "team"]
[EventRounds "5"]
[EventCountry "TUR"]
[SourceTitle "TD"]
[Source "ChessBase"]
[SourceDate "1994.03.01"]
[SourceVersion "1"]
[SourceVersionDate "1994.03.01"]
[SourceQuality "1"]

1. e4 c5 2. Nf3 d6 3. d4 cxd4 4. Nxd4 Nf6 5. Nc3 Nc6 6. Bg5 e6 7. Qd2 a6 8. 0-0-0 Bd7 9. f4 b5 10. Bxf6 gxf6 11. Kb1 b4 12. Nce2 Qb6 13. g3 Be7 14. Bg2 Rc8 15. Rhf1 0-0 16. g4 a5 17. Rf3 Kh8 18. Rh3 Rg8 19. Bf3 a4 20. Nxc6 Bxc6 21. Nd4 Bb7 22. f5 e5 23. Ne2 b3 24. cxb3 axb3 25. Nc3 bxa2+ 26. Ka1 Rc4 27. Re1 d5 28. exd5 Bb4 29. Be4 Rd4 30. Qh6 Rg7 31. g5 Bxc3 32. Rxc3 Rd2 33. Bc2 Rxg5 34. Rb3 Qa6 35. Rxb7 Qxb7 36. Qxf6+ Rg7 37. Rg1 1-0